FORENSIC BOTANY (Record no. 34720)

MARC details
000 -LEADER
fixed length control field 00339nam a22001577a 4500
003 - CONTROL NUMBER IDENTIFIER
control field SGT
020 ## - INTERNATIONAL STANDARD BOOK NUMBER
International Standard Book Number 9781439864740
082 ## - DEWEY DECIMAL CLASSIFICATION NUMBER
Classification number 363.25
Item number COY
100 ## - MAIN ENTRY--PERSONAL NAME
Personal name COYLE HEATHER MILLER
245 ## - TITLE STATEMENT
Title FORENSIC BOTANY
250 ## - EDITION STATEMENT
Edition statement 2ND
260 ## - PUBLICATION, DISTRIBUTION, ETC. (IMPRINT)
Place of publication, distribution, etc LONDON
Name of publisher, distributor, etc CRC PRESS
Year of Publication 2025
300 ## - PAGE DESCRIPTION
No. of Pages 308
650 ## - SUBJECT ADDED ENTRY--TOPICAL TERM
Topical term or geographic name as entry element FORENSIC BOTANY
942 ## - ADDED ENTRY ELEMENTS (KOHA)
Source of classification or shelving scheme Dewey Decimal Classification
Koha item type Books
Holdings
Withdrawn status Lost status Source of classification or shelving scheme Damaged status Not for loan Collection code Home library Current library Shelving location Date acquired Vendor Name Cost, normal purchase price SGTU Bill Number Total Checkouts Full call number Accession No. (Barcode) Date last seen Bill Date Koha item type
    Dewey Decimal Classification   Not For Loan SCIENCE SGT Science & Social Sciences Library SGT Science & Social Sciences Library Reference Book 29/04/2026 ABC PUB DELHI 10067.60 SGTU 22928   363.25 COY PS7512 29/04/2026 22/04/2026 Books